[Event "Open"]
[Site "Cappelle la Grande"]
[Date "1999.02.17"]
[Round "5"]
[White "Nataf, Igor-Alexandre"]
[Black "Stefansson, Hannes"]
[Result "0-1"]
[WhiteElo "2481"]
[BlackElo "2569"]
[PlyCount "54"]
[EventDate "1999.02.??"]

1. e4 e5 2. Nf3 Nc6 3. d4 exd4 4. Nxd4 Nf6 5. Nxc6 bxc6 6. e5 Qe7 7. Qe2 Nd5 8.
c4 Ba6 9. b3 O-O-O 10. g3 f6 11. Qe4 Nb6 12. Bb2 fxe5 13. Nd2 Bb7 14. Bg2 d5
15. Qc2 h5 16. O-O-O g5 17. f4 gxf4 18. gxf4 Bg7 19. Rhg1 Kb8 20. Kb1 e4 21.
Bxg7 Qxg7 22. Bxe4 Qd4 23. Bg6 Qxf4 24. Qf5 Qd6 25. Bxh5 Bc8 26. Qg6 Qxh2 27.
Bf3 Rdg8 0-1

[Event "Open"]
[Site "Cappelle la Grande"]
[Date "1999.02.17"]
[Round "5"]
[White "Pavlovic, Milos"]
[Black "Brochet, Philippe"]
[Result "1/2-1/2"]
[WhiteElo "2509"]
[BlackElo "2351"]
[PlyCount "56"]
[EventDate "1999.02.??"]

1. e4 c5 2. Nf3 Nc6 3. d4 cxd4 4. Nxd4 d5 5. exd5 Qxd5 6. Be3 e6 7. Nc3 Bb4 8.
Qd2 Nge7 9. Nxd5 Bxd2+ 10. Kxd2 Nxd5 11. Nxc6 Nxe3 12. Kxe3 bxc6 13. Rd1 Ke7
14. Rd3 Rd8 15. Rxd8 Kxd8 16. Kd4 Kc7 17. Kc5 e5 18. Bc4 Bf5 19. Re1 f6 20. f4
Re8 21. fxe5 fxe5 22. Rf1 Bg6 23. Rf3 e4 24. Re3 Rd8 25. Ra3 Kb7 26. Rb3+ Kc7
27. Ra3 Kb7 28. Rb3+ Kc7 1/2-1/2

[Event "Open"]
[Site "Cappelle la Grande"]
[Date "1999.02.17"]
[Round "5"]
[White "Petit, Eric"]
[Black "Krivonosov, Oleg"]
[Result "0-1"]
[WhiteElo "2260"]
[BlackElo "2446"]
[PlyCount "54"]
[EventDate "1999.02.??"]

1. d4 d5 2. c4 e6 3. cxd5 exd5 4. Nc3 c6 5. Qc2 Be7 6. Nf3 Nf6 7. Bg5 g6 8. e3
Bf5 9. Bd3 Bxd3 10. Qxd3 Nbd7 11. O-O O-O 12. Rab1 Nb6 13. Bxf6 Bxf6 14. b4 a6
15. Nd2 Qd6 16. Nb3 Nc4 17. e4 Bg7 18. e5 Qe7 19. Na5 Nxa5 20. bxa5 f6 21. f4
fxe5 22. dxe5 Qc5+ 23. Kh1 Rf7 24. f5 gxf5 25. e6 Re7 26. Rb3 Qd4 27. Qb1 Rxe6
0-1

[Event "Open"]
[Site "Cappelle la Grande"]
[Date "1999.02.17"]
[Round "5"]
[White "Timoshenko, Georgy"]
[Black "Mikhaletz, Lubomir"]
[Result "1/2-1/2"]
[WhiteElo "2592"]
[BlackElo "2485"]
[PlyCount "60"]
[EventDate "1999.02.??"]

1. e4 c5 2. Nf3 Nc6 3. d4 cxd4 4. Nxd4 Nf6 5. Nc3 e5 6. Ndb5 d6 7. Bg5 a6 8.
Na3 b5 9. Nd5 Be7 10. Bxf6 Bxf6 11. c3 O-O 12. Nc2 Rb8 13. Be2 Bg5 14. O-O a5
15. b4 axb4 16. cxb4 Be6 17. a4 bxa4 18. b5 Bxd5 19. exd5 Na7 20. Nb4 Qd7 21.
Nc6 Rb7 22. Qxa4 Nc8 23. g3 Nb6 24. Qd1 f5 25. f4 Bf6 26. Ra6 g6 27. Na5 Rbb8
28. Nc6 Rb7 29. Na5 Rbb8 30. Nc6 Rb7 1/2-1/2

[Event "Open"]
[Site "Cappelle la Grande"]
[Date "1999.02.17"]
[Round "5"]
[White "Tregubov, Pavel V."]
[Black "Lelchuk, Zoja"]
[Result "1-0"]
[WhiteElo "2570"]
[BlackElo "2373"]
[PlyCount "61"]
[EventDate "1999.02.??"]

1. d4 Nf6 2. c4 c6 3. Nf3 d5 4. Qc2 dxc4 5. Qxc4 Bf5 6. g3 Nbd7 7. Bg2 Nb6 8.
Qb3 e6 9. Nc3 Be7 10. O-O O-O 11. Rd1 a5 12. a4 Nfd5 13. Ne5 Nb4 14. e4 Bg6 15.
Be3 Nd7 16. Nxg6 hxg6 17. d5 exd5 18. exd5 Qc7 19. Rac1 Bc5 20. dxc6 Bxe3 21.
Rxd7 Qxd7 22. cxd7 Bxc1 23. Bxb7 Rab8 24. Bc8 Bg5 25. Ne4 Bd8 26. Nd6 Nc6 27.
Qc3 Rb6 28. Bb7 Bf6 29. Qc5 Bd4 30. Qc4 Be5 31. Nxf7 1-0

[Event "Open"]
[Site "Cappelle la Grande"]
[Date "1999.02.17"]
[Round "5"]
[White "Volodin, Viktor"]
[Black "Cosma, Ioan"]
[Result "0-1"]
[WhiteElo "2273"]
[BlackElo "2475"]
[PlyCount "66"]
[EventDate "1999.02.??"]

1. Nf3 Nf6 2. c4 c5 3. Nc3 e6 4. g3 b6 5. Bg2 Bb7 6. O-O a6 7. d4 cxd4 8. Nxd4
Bxg2 9. Kxg2 Qc7 10. Qd3 Nc6 11. b3 Be7 12. Bb2 O-O 13. Rfd1 Rac8 14. Nxc6
Qxc6+ 15. Qf3 h6 16. Rd3 Rfd8 17. Rad1 Qc7 18. Ne4 Ne8 19. Qe3 d6 20. Qd2 b5
21. Ba3 bxc4 22. bxc4 Qxc4 23. Nxd6 Rxd6 24. Bxd6 Nxd6 25. Rxd6 Bxd6 26. Qxd6
Qe4+ 27. Kg1 Qxe2 28. Qd7 Rc2 29. Rf1 f5 30. Qe8+ Kh7 31. a4 f4 32. Qf7 f3 33.
h4 Qxf1+ 0-1

[Event "Open"]
[Site "Cappelle la Grande"]
[Date "1999.02.17"]
[Round "5"]
[White "Volzhin, Aleksander"]
[Black "Bobras, Piotr"]
[Result "1-0"]
[WhiteElo "2548"]
[BlackElo "2371"]
[PlyCount "85"]
[EventDate "1999.02.??"]

1. Nf3 Nf6 2. c4 g6 3. Nc3 Bg7 4. e4 d6 5. d4 O-O 6. Be2 e5 7. d5 a5 8. Bg5 h6
9. Be3 Ng4 10. Bc1 f5 11. exf5 gxf5 12. g3 e4 13. Nd4 Ne5 14. O-O Na6 15. f4
exf3 16. Nxf3 Bd7 17. Be3 Qe7 18. Qd2 Ng4 19. Bf4 Rae8 20. Bd3 Nc5 21. Rae1 Qf6
22. Bc2 a4 23. h3 Ne5 24. Nxe5 dxe5 25. Be3 b6 26. Kh2 Qd6 27. b4 axb3 28. axb3
Ra8 29. b4 Na6 30. Na2 Rf7 31. Bb3 Bf8 32. Rc1 f4 33. gxf4 exf4 34. Bxf4 Rxf4
35. Rxf4 Qxf4+ 36. Qxf4 Bd6 37. Rg1+ Kh8 38. Qxd6 cxd6 39. Rg6 Bf5 40. Rxd6 Nc7
41. Rxh6+ Kg7 42. Rxb6 Ra3 43. Nc1 1-0

[Event "Open"]
[Site "Cappelle la Grande"]
[Date "1999.02.17"]
[Round "5"]
[White "Zilberman, Yaacov"]
[Black "Danielian, Elina"]
[Result "1-0"]
[WhiteElo "2513"]
[BlackElo "2353"]
[PlyCount "69"]
[EventDate "1999.02.??"]

1. d4 d5 2. Nf3 Nf6 3. c4 dxc4 4. e3 e6 5. Bxc4 c5 6. O-O a6 7. dxc5 Bxc5 8.
Qxd8+ Kxd8 9. b3 b5 10. Be2 Bb7 11. Bb2 Ke7 12. Nbd2 Nbd7 13. a4 Bc6 14. Nd4
Bxd4 15. Bxd4 e5 16. Bb2 Nd5 17. Rfc1 Rac8 18. axb5 Bxb5 19. Nc4 Ke6 20. Bg4+
f5 21. Bxf5+ Kxf5 22. Nd6+ Ke6 23. Nxc8 Nb8 24. e4 Nf4 25. Rc7 Nc6 26. Rd1 Nd4
27. Bxd4 Ne2+ 28. Kh1 Nxd4 29. f4 Rf8 30. Re7+ Kf6 31. fxe5+ Kg6 32. Nd6 Be2
33. Re1 Nc2 34. Rc1 Ne3 35. Kg1 1-0

[Event "Open"]
[Site "Cappelle la Grande"]
[Date "1999.02.18"]
[Round "6"]
[White "Assmann, Thomas"]
[Black "Nikolaidis, Ioannis"]
[Result "0-1"]
[WhiteElo "2346"]
[BlackElo "2510"]
[PlyCount "30"]
[EventDate "1999.02.??"]

1. d4 Nf6 2. Nf3 g6 3. g3 Bg7 4. Bg2 c5 5. c3 Qc7 6. O-O O-O 7. Bf4 d6 8. Re1
Qb6 9. Bc1 Bf5 10. Nbd2 cxd4 11. cxd4 d5 12. Nf1 Nc6 13. b3 Rfc8 14. Bb2 Nb4
15. Ne3 Bc2 0-1

[Event "Open"]
[Site "Cappelle la Grande"]
[Date "1999.02.18"]
[Round "6"]
[White "Atalik, Suat"]
[Black "Santo Roman, Marc"]
[Result "1/2-1/2"]
[WhiteElo "2593"]
[BlackElo "2381"]
[PlyCount "81"]
[EventDate "1999.02.??"]

1. d4 f5 2. g3 Nf6 3. Bg2 g6 4. Nc3 Bg7 5. Bg5 O-O 6. Qd2 c6 7. Nh3 d5 8. Bh6
Nbd7 9. Bxg7 Kxg7 10. Nf4 Nb6 11. b3 Qd6 12. Nd3 Ne4 13. Nxe4 fxe4 14. Ne5 Nd7
15. Nxd7 Bxd7 16. f3 Bf5 17. fxe4 Bxe4 18. Bxe4 dxe4 19. O-O-O Rf5 20. g4 Rf2
21. Qe3 Raf8 22. h3 R8f4 23. Kb1 a5 24. Rhe1 e6 25. Qg3 Qb4 26. Kb2 a4 27. a3
Qb5 28. b4 Qc4 29. Rd2 h6 30. Red1 g5 31. Re1 Kg6 32. h4 R4f3 33. h5+ Kh7 34.
exf3 Rxd2 35. Qc7+ Kg8 36. Qb8+ Kf7 37. Qc7+ Kf6 38. Qd8+ Kf7 39. Qd7+ Kf6 40.
Qd8+ Kf7 41. Qd7+ 1/2-1/2

[Event "Open"]
[Site "Cappelle la Grande"]
[Date "1999.02.18"]
[Round "6"]
[White "Bekker-Jensen, David"]
[Black "Murdzia, Piotr"]
[Result "1-0"]
[WhiteElo "2263"]
[BlackElo "2441"]
[PlyCount "48"]
[EventDate "1999.02.??"]

1. d4 Nf6 2. c4 e6 3. Nc3 Bb4 4. e3 b6 5. Nge2 c5 6. a3 Ba5 7. Rb1 Na6 8. Bd2
Bxc3 9. Nxc3 O-O 10. Bd3 d5 11. cxd5 cxd4 12. exd4 Nxd5 13. O-O Nac7 14. Re1
Bb7 15. Qh5 f5 16. Rbd1 Qd7 17. Ne2 Nf6 18. Qh4 Be4 19. Bc4 Bxg2 20. Kxg2 Qc6+
21. d5 Ncxd5 22. Kg1 g5 23. Bxd5 Nxd5 24. Bxg5 Kh8 1-0

[Event "Open"]
[Site "Cappelle la Grande"]
[Date "1999.02.18"]
[Round "6"]
[White "Brochet, Philippe"]
[Black "Apicella, Manuel"]
[Result "0-1"]
[WhiteElo "2351"]
[BlackElo "2515"]
[PlyCount "84"]
[EventDate "1999.02.??"]

1. e4 c5 2. Nf3 Nc6 3. Bb5 g6 4. O-O Bg7 5. Re1 Qb6 6. Nc3 Bxc3 7. Bxc6 Bg7 8.
Ba4 e5 9. c3 Ne7 10. d4 cxd4 11. cxd4 exd4 12. Bf4 O-O 13. Qb3 Qxb3 14. Bxb3
Nc6 15. Bd6 Re8 16. Rad1 b6 17. e5 Bb7 18. Ng5 Nd8 19. Rxd4 h6 20. Nxf7 Nxf7
21. Rf4 Re6 22. Bxe6 dxe6 23. Rc4 Bd5 24. Rc7 Bxa2 25. f4 Nxd6 26. exd6 Rd8 27.
Ra1 Bd5 28. Raxa7 Bd4+ 29. Kf1 b5 30. Rd7 Rxd7 31. Rxd7 Bb6 32. Re7 Kf8 33. Rh7
Ke8 34. Rxh6 Kd7 35. Rxg6 b4 36. Ke2 Bd4 37. Rg8 Bxb2 38. Rb8 b3 39. h4 Ba3 40.
h5 Bxd6 41. Rb6 Kc7 42. Rxd6 b2 0-1

[Event "Open"]
[Site "Cappelle la Grande"]
[Date "1999.02.18"]
[Round "6"]
[White "Dervishi, Erald"]
[Black "Berkvens, J."]
[Result "1-0"]
[WhiteElo "2484"]
[BlackElo "2215"]
[PlyCount "39"]
[EventDate "1999.02.??"]

1. e4 e5 2. Nf3 Nc6 3. Bb5 a6 4. Ba4 Nf6 5. O-O Be7 6. Re1 d6 7. c3 Bg4 8. h3
Bh5 9. d3 Qd7 10. Nbd2 g5 11. Nf1 Rg8 12. Ng3 O-O-O 13. Nxh5 Nxh5 14. Nxe5 dxe5
15. Qxh5 Qxd3 16. Bxc6 bxc6 17. Qxf7 g4 18. Qxe7 gxh3 19. Bg5 h6 20. Qe6+ 1-0

[Event "Open"]
[Site "Cappelle la Grande"]
[Date "1999.02.18"]
[Round "6"]
[White "Dvoirys, Semen I"]
[Black "Beshukov, Sergei"]
[Result "1/2-1/2"]
[WhiteElo "2562"]
[BlackElo "2511"]
[PlyCount "93"]
[EventDate "1999.02.??"]

1. e4 c5 2. Nf3 Nc6 3. d4 cxd4 4. Nxd4 Nf6 5. Nc3 e6 6. a3 d6 7. Bc4 Be7 8. O-O
O-O 9. Ba2 Nxd4 10. Qxd4 Bd7 11. f4 Qb6 12. Qxb6 axb6 13. Bd2 Rfc8 14. Rae1 b5
15. Bb3 Bd8 16. h3 Ba5 17. e5 dxe5 18. fxe5 Bxc3 19. Bxc3 Nd5 20. Bb4 Nb6 21.
Rf4 h6 22. c3 Bc6 23. Bd6 Be8 24. Re2 Nc4 25. Rd4 Ra6 26. Bb4 Raa8 27. Bc2 Bc6
28. Bd3 Bd5 29. Kf2 Ra7 30. Ke1 Raa8 31. Kd1 Ra7 32. Kc2 Raa8 33. b3 Na5 34.
Kb2 Nc6 35. Rf4 Na7 36. Ref2 Rc7 37. Bd6 Rd7 38. Rg4 Rc8 39. Bf1 b6 40. Bd3
Rcd8 41. Bc2 Nc8 42. Bb4 Bb7 43. Kc1 Ne7 44. Bxe7 Rxe7 45. Rd2 Rxd2 46. Kxd2
Rd7+ 47. Bd3 1/2-1/2

[Event "Open"]
[Site "Cappelle la Grande"]
[Date "1999.02.18"]
[Round "6"]
[White "Flament, Francois"]
[Black "Catteau, Bruno"]
[Result "0-1"]
[WhiteElo "2049"]
[BlackElo "2170"]
[PlyCount "60"]
[EventDate "1999.02.??"]

1. d4 d5 2. c4 e6 3. Nc3 c6 4. e3 f5 5. Bd3 Nf6 6. Bd2 Bd6 7. Qe2 O-O 8. h3 Ne4
9. O-O-O b6 10. cxd5 exd5 11. g4 Qe7 12. Be1 b5 13. f3 Nxc3 14. Bxc3 b4 15. Bd2
c5 16. dxc5 Bxc5 17. f4 Nc6 18. Nf3 Rb8 19. gxf5 b3 20. axb3 Rxb3 21. Bc2 Ra3
22. Kb1 Ba6 23. Qg2 Rb8 24. Nd4 Rxb2+ 25. Kxb2 Qb7+ 26. Nb3 Bc4 27. Rb1 Rxb3+
28. Kc1 Rxb1+ 29. Bxb1 Ba3+ 30. Kd1 Qxb1+ 0-1

[Event "Open"]
[Site "Cappelle la Grande"]
[Date "1999.02.18"]
[Round "6"]
[White "Georgiev, Vladimir"]
[Black "Welling, Gerard"]
[Result "0-1"]
[WhiteElo "2508"]
[BlackElo "2334"]
[PlyCount "68"]
[EventDate "1999.02.??"]

1. d4 d5 2. c4 c6 3. e3 Nf6 4. Nc3 g6 5. Nf3 Bg7 6. Qb3 O-O 7. Bd3 e6 8. O-O
Nbd7 9. Bd2 b6 10. cxd5 exd5 11. e4 c5 12. Nxd5 cxd4 13. Nxf6+ Bxf6 14. Qd5 Bb7
15. Qxb7 Nc5 16. Qc6 Nxd3 17. Qc4 Nc5 18. e5 Bg7 19. Rad1 Ne6 20. Bb4 Qc8 21.
Qb3 Rd8 22. Bd6 Qb7 23. Rd2 Rac8 24. Rfd1 Bh6 25. Rc2 Qe4 26. Rxc8 Rxc8 27. g3
Rc1 28. Ne1 d3 29. Rxc1 Bxc1 30. Nxd3 Nd4 31. Qd1 Bd2 32. Nb4 Nf3+ 33. Kf1 Qc4+
34. Qe2 Nxh2+ 0-1

[Event "Open"]
[Site "Cappelle la Grande"]
[Date "1999.02.18"]
[Round "6"]
[White "Golod, Vitali"]
[Black "Levin, Felix"]
[Result "1-0"]
[WhiteElo "2554"]
[BlackElo "2496"]
[PlyCount "75"]
[EventDate "1999.02.??"]

1. e4 e5 2. Nf3 Nc6 3. Bb5 Nf6 4. d3 d6 5. c3 g6 6. Nbd2 Bg7 7. Nf1 O-O 8. Ng3
Bd7 9. Ba4 Qe7 10. O-O Rae8 11. Re1 Qd8 12. h3 Qc8 13. d4 Kh8 14. d5 Ne7 15. c4
h6 16. c5 b5 17. Bc2 Qd8 18. Be3 Nfg8 19. c6 Bc8 20. Bxa7 f5 21. exf5 gxf5 22.
Nh4 Rf7 23. f4 e4 24. Bf2 Nf6 25. Bb3 Kh7 26. Nf1 Rg8 27. Ne3 Bh8 28. a4 bxa4
29. Rxa4 Ng6 30. Nxg6 Rxg6 31. Kh2 Qg8 32. Bc4 Qg7 33. Rg1 Rf8 34. Bh4 Rg8 35.
Ra8 Rg3 36. Rxc8 Rxe3 37. Rxg8 Nxg8 38. Bf2 1-0

[Event "Open"]
[Site "Cappelle la Grande"]
[Date "1999.02.18"]
[Round "6"]
[White "Golubovic, Boris"]
[Black "Tregubov, Pavel V."]
[Result "0-1"]
[WhiteElo "2450"]
[BlackElo "2570"]
[PlyCount "60"]
[EventDate "1999.02.??"]

1. e4 c5 2. Nf3 e6 3. g3 d5 4. exd5 exd5 5. d4 Nf6 6. Bg2 Be7 7. O-O O-O 8.
dxc5 Bxc5 9. Bg5 Nc6 10. c3 Be6 11. Nbd2 h6 12. Bxf6 Qxf6 13. Nb3 Bb6 14. a4 a5
15. Nbd4 Rac8 16. Nxe6 fxe6 17. Qb3 Ba7 18. Qxb7 e5 19. Qb3 Rcd8 20. Rae1 Kh8
21. Re2 e4 22. Ne1 Ne5 23. Nc2 Nd3 24. Ne3 Nxf2 25. Nxd5 Qa6 26. Rexf2 Rxf2 27.
Rxf2 e3 28. Qb5 exf2+ 29. Kf1 Qe6 30. Qe2 Rxd5 0-1

[Event "Open"]
[Site "Cappelle la Grande"]
[Date "1999.02.18"]
[Round "6"]
[White "Grigore, George"]
[Black "Bekker-Jensen, Simon"]
[Result "1/2-1/2"]
[WhiteElo "2526"]
[BlackElo "2360"]
[PlyCount "61"]
[EventDate "1999.02.??"]

1. d4 Nf6 2. c4 g6 3. Nc3 Bg7 4. e4 d6 5. Be2 O-O 6. Nf3 e5 7. O-O Na6 8. Re1
c6 9. Bf1 Bg4 10. dxe5 Bxf3 11. Qxf3 dxe5 12. Be3 Qe7 13. Red1 Nc5 14. g3 Nfd7
15. Bh3 Rfd8 16. Qe2 Nf8 17. Rxd8 Rxd8 18. Rd1 Rxd1+ 19. Qxd1 b6 20. a3 Nce6
21. Qa4 Nd4 22. Qa6 Qc7 23. Qc8 Qxc8 24. Bxc8 Nfe6 25. Kf1 Bf6 26. h4 Kf8 27.
b4 Be7 28. Bb7 Ke8 29. Ne2 Kd7 30. Nxd4 Nxd4 31. Bxd4 1/2-1/2

[Event "Open"]
[Site "Cappelle la Grande"]
[Date "1999.02.18"]
[Round "6"]
[White "Haba, Petr"]
[Black "Collas, Didier"]
[Result "1-0"]
[WhiteElo "2545"]
[BlackElo "2330"]
[PlyCount "65"]
[EventDate "1999.02.??"]

1. d4 Nf6 2. c4 c5 3. d5 b5 4. cxb5 a6 5. bxa6 g6 6. Nc3 Bxa6 7. e4 Bxf1 8.
Kxf1 d6 9. Nf3 Nbd7 10. h3 Bg7 11. Kg1 O-O 12. Kh2 Nb6 13. Re1 Ra6 14. Qc2 Qd7
15. b3 Rfa8 16. Bb2 Ne8 17. Nd2 Nc7 18. a4 e6 19. dxe6 fxe6 20. Rad1 Qf7 21.
Kg1 Bd4 22. Nf3 e5 23. Nxd4 exd4 24. Ne2 Nd7 25. Nxd4 Ne5 26. Nb5 Nxb5 27. axb5
Ra2 28. Rxd6 c4 29. Qc3 Rxb2 30. Qxb2 Nd3 31. Rxd3 cxd3 32. Rd1 Rd8 33. Qc3 1-0

[Event "Open"]
[Site "Cappelle la Grande"]
[Date "1999.02.18"]
[Round "6"]
[White "Hebden, Mark"]
[Black "Payen, Arnaud"]
[Result "0-1"]
[WhiteElo "2556"]
[BlackElo "2415"]
[PlyCount "106"]
[EventDate "1999.02.??"]

1. d4 d5 2. c4 e6 3. Nf3 Nf6 4. Bg5 Be7 5. e3 h6 6. Bh4 O-O 7. Nc3 b6 8. Bd3
dxc4 9. Bxc4 Bb7 10. O-O Ne4 11. Bg3 Nd7 12. Qe2 Bd6 13. Rac1 Bxg3 14. hxg3 c5
15. Rfd1 Qe7 16. Nxe4 Bxe4 17. dxc5 Nxc5 18. b4 Nd7 19. Ba6 Nf6 20. Nd4 e5 21.
Nb5 Qxb4 22. f3 Bd5 23. e4 Be6 24. Nc7 Rad8 25. Nxe6 fxe6 26. Bc4 Qe7 27. Bb3
Rxd1+ 28. Qxd1 Kh7 29. Rc6 Rd8 30. Qc1 Rd6 31. Rxd6 Qxd6 32. Qc4 Nd7 33. Qxe6
Qxe6 34. Bxe6 Nc5 35. Bc4 Kg6 36. Kf2 Kf6 37. Ke3 g5 38. Kd2 h5 39. Ke3 a6 40.
f4 b5 41. Bd5 h4 42. f5 hxg3 43. a3 a5 44. Kd2 b4 45. axb4 axb4 46. Kc2 g4 47.
Bc6 Kg5 48. Bd5 b3+ 49. Kc3 b2 50. Kxb2 Nd3+ 51. Kc3 Nf4 52. Bb3 Nxg2 53. Kd2
Nh4 0-1

[Event "Open"]
[Site "Cappelle la Grande"]
[Date "1999.02.18"]
[Round "6"]
[White "Kekelidze, Mikheil"]
[Black "Volzhin, Aleksander"]
[Result "0-1"]
[WhiteElo "2439"]
[BlackElo "2548"]
[PlyCount "122"]
[EventDate "1999.02.??"]

1. e4 c5 2. Nf3 Nc6 3. Bb5 g6 4. O-O Bg7 5. c3 Nf6 6. Re1 O-O 7. h3 e5 8. d3
Qc7 9. Bg5 d6 10. Nbd2 a6 11. Ba4 b5 12. Bb3 Bb7 13. Rc1 h6 14. Bh4 Nh5 15. Nf1
Kh8 16. Ne3 Ne7 17. a4 f5 18. Bxe7 Qxe7 19. axb5 axb5 20. Bd5 Nf4 21. Bxb7 Qxb7
22. exf5 gxf5 23. Nh4 Rf6 24. Kh2 e4 25. dxe4 fxe4 26. Ng4 Re6 27. Nf5 Nd3 28.
Nxg7 Kxg7 29. f4 Nxf4 30. Rf1 Nd3 31. Rb1 Rf8 32. Qe2 Qe7 33. Rxf8 Qxf8 34. Rf1
Qe8 35. Ne3 Rg6 36. Rf5 Qe6 37. b4 Rg5 38. Qf1 Rxf5 39. Qxf5 Qxf5 40. Nxf5+ Kg6
41. g4 cxb4 42. cxb4 Kf6 43. Kg3 d5 44. Nxh6 Nxb4 45. Nf5 Nc6 46. Kf4 b4 47.
Ne3 Ke6 48. h4 b3 49. Nd1 Ne5 50. h5 Nd3+ 51. Ke3 b2 52. Nc3 Ke5 53. Nb1 d4+
54. Kd2 Nf4 55. Kc2 e3 56. Kxb2 e2 57. Nd2 Kd5 58. Nf3 Ke4 59. Ne1 Nd3+ 60. Kc2
Nxe1+ 61. Kd2 d3 0-1

[Event "Open"]
[Site "Cappelle la Grande"]
[Date "1999.02.18"]
[Round "6"]
[White "Kogan, Artur"]
[Black "Gurevich, Mikhail"]
[Result "0-1"]
[WhiteElo "2507"]
[BlackElo "2627"]
[PlyCount "58"]
[EventDate "1999.02.??"]

1. Nf3 d6 2. d4 f5 3. Nc3 Nf6 4. Bg5 d5 5. Ne5 e6 6. g4 Be7 7. gxf5 exf5 8. Qd3
c6 9. f3 Nh5 10. Bxe7 Qxe7 11. O-O-O f4 12. e4 fxe3 13. Qxe3 O-O 14. Rg1 Nd7
15. Re1 Nxe5 16. Qxe5 Qxe5 17. Rxe5 Bf5 18. Ne2 Bg6 19. Bh3 Rxf3 20. Bg4 Rf2
21. Rxh5 Bxh5 22. Bxh5 g6 23. Bg4 Re8 24. Kd1 Rxh2 25. b3 Kf7 26. Nf4 Re4 27.
Ne6 Kf6 28. Nc5 Rxd4+ 29. Kc1 Rdd2 0-1

[Event "Open"]
[Site "Cappelle la Grande"]
[Date "1999.02.18"]
[Round "6"]
[White "Landa, Konstantin"]
[Black "Agdestein, Simen"]
[Result "0-1"]
[WhiteElo "2542"]
[BlackElo "2550"]
[PlyCount "128"]
[EventDate "1999.02.??"]

1. e4 Nf6 2. e5 Nd5 3. d4 d6 4. Nf3 c6 5. h3 Bf5 6. Bd3 Bxd3 7. Qxd3 dxe5 8.
dxe5 e6 9. O-O Nd7 10. Qe4 h6 11. Nbd2 Qc7 12. Re1 O-O-O 13. a3 c5 14. b3 Kb8
15. Bb2 Be7 16. c4 N5b6 17. Qg4 Rhg8 18. Qh5 Rgf8 19. Ne4 Nc8 20. Rad1 Ka8 21.
Rd2 Qc6 22. Qg4 Rg8 23. Qf4 Rdf8 24. Red1 Nb8 25. Ng3 Qb6 26. Rd3 Nc6 27. Ne4
f5 28. exf6 gxf6 29. Qxh6 e5 30. Ng3 Nd4 31. Nxd4 cxd4 32. Qh7 Qc6 33. Qe4 Rxg3
34. Qxc6 Rxd3 35. Qxc8+ Rxc8 36. Rxd3 b5 37. h4 bxc4 38. bxc4 Rxc4 39. h5 Rc2
40. Rb3 d3 41. Kf1 Bc5 42. f3 Rd2 43. Ke1 Rxg2 44. Bc1 Rh2 45. Rxd3 Rxh5 46.
Be3 Bxe3 47. Rxe3 Kb7 48. Ke2 Rh2+ 49. Kd3 Kc6 50. Re4 Rh3 51. Ke3 a5 52. Rg4
Rh5 53. a4 Kd5 54. Rg6 Ke6 55. Rg1 Rh2 56. Kd3 Ra2 57. Rh1 Ra3+ 58. Ke2 f5 59.
Rh6+ Kd5 60. Rf6 f4 61. Rf8 Kc4 62. Kf2 Ra2+ 63. Kf1 Rxa4 64. Rxf4+ exf4 0-1

[Event "Open"]
[Site "Cappelle la Grande"]
[Date "1999.02.18"]
[Round "6"]
[White "Markowski, Tomasz"]
[Black "Cieza, Arcadio"]
[Result "1-0"]
[WhiteElo "2549"]
[BlackElo "2335"]
[PlyCount "109"]
[EventDate "1999.02.??"]

1. g3 c6 2. Nf3 Nf6 3. Bg2 d5 4. O-O g6 5. b3 Bg7 6. Bb2 O-O 7. c4 Bf5 8. d3
Ne8 9. Bxg7 Nxg7 10. Nbd2 Qd6 11. Qc2 Na6 12. a3 Bg4 13. b4 Nc7 14. Nb3 Bxf3
15. Bxf3 e6 16. Rac1 Nf5 17. e3 d4 18. e4 Ng7 19. Bg2 e5 20. f4 f6 21. Rf2 Nce6
22. f5 Ng5 23. Rcf1 Ne8 24. h4 Nf7 25. fxg6 hxg6 26. Bh3 Kg7 27. Nc5 Nd8 28.
Qe2 b6 29. Nd7 Rf7 30. c5 Qc7 31. Qg4 f5 32. exf5 Qxd7 33. f6+ Nxf6 34. Qxd7
Nxd7 35. Rxf7+ Nxf7 36. Bxd7 bxc5 37. bxc5 Nd8 38. Rb1 Kf6 39. Be8 e4 40. dxe4
Ne6 41. Bxc6 Rc8 42. e5+ Ke7 43. Rb7+ Rc7 44. Rxc7+ Nxc7 45. Be4 Kf7 46. Kf2
Ke6 47. Bxg6 Kxe5 48. Kf3 a5 49. c6 Kd6 50. Be4 Ne6 51. g4 Ke5 52. g5 Nc7 53.
Bd3 Ne6 54. Bc4 Nc7 55. h5 1-0

[Event "Open"]
[Site "Cappelle la Grande"]
[Date "1999.02.18"]
[Round "6"]
[White "Mikhalevski, Victor"]
[Black "Gretarsson, Helgi Ass"]
[Result "0-1"]
[WhiteElo "2531"]
[BlackElo "2459"]
[PlyCount "70"]
[EventDate "1999.02.??"]

1. d4 d5 2. c4 c6 3. e3 Bf5 4. Qb3 Qc7 5. cxd5 cxd5 6. Bb5+ Nd7 7. Bd2 e6 8.
Nf3 Ne7 9. O-O Nc6 10. Rc1 Rc8 11. a3 Qb6 12. Qa4 a6 13. Bxc6 Rxc6 14. Rxc6
Qxc6 15. Qxc6 bxc6 16. b4 Bd6 17. Nc3 Nb6 18. Be1 Ke7 19. Nd2 Ra8 20. e4 Bg6
21. e5 Bb8 22. Nb3 Ba7 23. Nc5 Nc4 24. f4 a5 25. Ne2 f6 26. bxa5 Bxc5 27. dxc5
fxe5 28. fxe5 Nxe5 29. Nc3 Nd3 30. Bh4+ Kd7 31. Na4 Rxa5 32. Nb6+ Kc7 33. Bg3+
e5 34. Rd1 Rxa3 35. h3 Ra2 0-1

[Event "Open"]
[Site "Cappelle la Grande"]
[Date "1999.02.18"]
[Round "6"]
[White "Nenashev, Alexander"]
[Black "Lanka, Zigurds"]
[Result "1/2-1/2"]
[WhiteElo "2616"]
[BlackElo "2521"]
[PlyCount "31"]
[EventDate "1999.02.??"]

1. d4 Nf6 2. c4 g6 3. Nc3 Bg7 4. e4 d6 5. f3 O-O 6. Be3 a6 7. Nge2 Nbd7 8. d5
c5 9. a4 h5 10. b3 Nh7 11. Ra2 Ne5 12. h3 Qa5 13. Qd2 f5 14. f4 Nf7 15. g3 fxe4
16. Nxe4 1/2-1/2

[Event "Open"]
[Site "Cappelle la Grande"]
[Date "1999.02.18"]
[Round "6"]
[White "Olafsson, Helgi"]
[Black "Verat, Laurent"]
[Result "1-0"]
[WhiteElo "2503"]
[BlackElo "2294"]
[PlyCount "95"]
[EventDate "1999.02.??"]

1. d4 Nf6 2. c4 e6 3. Nf3 Bb4+ 4. Bd2 c5 5. Bxb4 cxb4 6. g3 b6 7. Bg2 Bb7 8.
Qd3 O-O 9. Nbd2 d6 10. O-O Nbd7 11. a3 bxa3 12. Qxa3 Qc7 13. Rfc1 Rfe8 14. b4
a5 15. e3 e5 16. bxa5 Rxa5 17. Qb4 Rea8 18. Rxa5 Rxa5 19. Rb1 exd4 20. exd4 Ra8
21. Nh4 Bxg2 22. Nxg2 g6 23. Ne3 Qc6 24. g4 h6 25. h4 Re8 26. Qb5 Qxb5 27. Rxb5
Ne4 28. Nb1 Ra8 29. f3 Nef6 30. Kf2 Ra2+ 31. Kg3 Kf8 32. Rb3 Ke7 33. Nc3 Rd2
34. Nb5 Ra2 35. g5 hxg5 36. hxg5 Nh5+ 37. Kg4 f5+ 38. Nxf5+ gxf5+ 39. Kxh5 Rh2+
40. Kg6 f4 41. Kf5 Nf8 42. Ra3 Rc2 43. Ra7+ Nd7 44. Nc7 Rxc4 45. Nd5+ Ke8 46.
Ra8+ Kf7 47. g6+ Kg7 48. Ra7 1-0

[Event "Open"]
[Site "Cappelle la Grande"]
[Date "1999.02.18"]
[Round "6"]
[White "Pinski, Jan"]
[Black "Pavlovic, Milos"]
[Result "0-1"]
[WhiteElo "2346"]
[BlackElo "2509"]
[PlyCount "56"]
[EventDate "1999.02.??"]

1. e4 c5 2. c3 Nf6 3. e5 Nd5 4. d4 cxd4 5. cxd4 d6 6. Nf3 Nc6 7. Bc4 e6 8. O-O
Be7 9. Qe2 O-O 10. Qe4 Qc7 11. exd6 Bxd6 12. Nc3 Nxc3 13. bxc3 Ne7 14. Bd3 Ng6
15. c4 b6 16. Bb2 Bb7 17. d5 Rae8 18. Qd4 f5 19. Bc2 e5 20. Qc3 e4 21. Ng5
Bxh2+ 22. Kh1 Bf4 23. d6 Bxd6 24. c5 Bf4 25. Bb3+ Kh8 26. Ne6 Rxe6 27. Bxe6 Be5
28. Qc1 Qe7 0-1

[Event "Open"]
[Site "Cappelle la Grande"]
[Date "1999.02.18"]
[Round "6"]
[White "Radziewicz, Iweta"]
[Black "Minasian, Artashes"]
[Result "0-1"]
[WhiteElo "2384"]
[BlackElo "2594"]
[PlyCount "64"]
[EventDate "1999.02.??"]

1. Nf3 d6 2. d4 Bg4 3. c4 Nd7 4. d5 e5 5. dxe6 fxe6 6. Nd4 Qe7 7. h3 Bh5 8. Nc3
c6 9. g4 Bf7 10. Bg2 Qd8 11. Ne4 h6 12. g5 d5 13. g6 dxe4 14. gxf7+ Kxf7 15.
Bxe4 Ngf6 16. Bc2 Ne5 17. Bf4 Qa5+ 18. Kf1 Rd8 19. b3 Bd6 20. e3 c5 21. Nf3
Nxf3 22. Qxf3 Bxf4 23. Qxf4 Rd2 24. Rc1 Rf8 25. Kg2 Kg8 26. Rhd1 Ne4 27. Qxe4
Rfxf2+ 28. Kh1 Qc7 29. Qh7+ Kf8 30. Qh8+ Kf7 31. Bg6+ Kf6 32. Qf8+ Kxg6 0-1